00976nam a2200265 a 4500001000200000003000900002005001700011008003200028020001800060040002600078082002900104100001700133245003200150260004600182300002000228500007400248590002600322650002400348650002600372910001500398942001200413952013000425952013800555999001700693 DO-SdBNP20210824115148.0181115s2016 dr 000 p spa d a9789945167207 aDO-SdBNPbspacBPMSU  a RD861.5bB142m 20162221 aBáez, Elsa10aMi infierno /cElsa Báez. aSanto Domingo :bPoetas de la Era,c2016. a79 p. ;c23 cm. aIncluye datos biográficos de la autora en la solapa de la cubierta aInventariado, 2021/VM 4aPoesía dominicana 4aLiteratura dominicana aVMateo V.  2ddccBK 00102ddc40708CDaBPMETbBPMETd2021-08-24eCompraoBPMSU CD RD861.5 B142m 2016pBPMSU21080088r2021-08-24w2021-08-24yBK 00102ddc40708CDaBPMETbBPMETd2021-08-24eCompral0oBPMSU CD RD861.5 B142m 2016pBPMSU26050010r2026-05-05te.2w2021-08-24yBK c13679d13679